00789nam a2200145Ia 4500008004100000020001800041100005400059245011600113260002700229650001200256650022100268856004200489999001900531952009300550171212s9999 xx 000 0 und d a9780833049339 aSalmoni, Barak A.;Loidolt, Bryce;Wells, Madeleine cSalmoni, Barak A.;Loidolt, Bryce;Wells, MadeleineaRegime and Periphery in Northern YemenbThe Huthi Phenomenon bRAND Corporationc2010 aHistory aYemen (Republic) -- History -- 1990-; Civil war -- Yemen (Republic) -- History -- 21st century; Yemen (Republic) -- Politics and government -- 21st century; Yemen (Republic) -- Politics and government -- 20th century uwww.jstor.org/stable/10.7249/mg962dia c352489d352489 001040aCLbCLd2017-12-12l0oDS247.Y48S236 2010r2017-12-12 00:00:00w2017-12-12yCBE